00573npc a2200169Ia 4500001002200000003001000022008004100032040002500073041000700098100003000105245010500135250001100240260002900251300001100280500009200291650002000383dd8-1505 [d000001543]IT-MiCISF161014s9999||||xx | und|| aIT-MiCISFcIT-MiCISF ait aZanoli Emilio (a cura di) 0aGenitori e figli: incontro alla vitabGuida per la formazione dei genitori dei bambini da 0 a 6 anni a1a ed. aBolognabDehonianec1993 app. 83 a / genitorialità€, educazione-genitori, educazione-bambini, comunicazione, famiglia /  agenitorialità€